Essays on contract / (Record no. 11748)

MARC details
000 -LEADER
fixed length control field 00541nam a22001932 4500
001 - CONTROL NUMBER
control field 0000025488
005 - DATE AND TIME OF LATEST TRANSACTION
control field 20151217154550.0
008 - FIXED-LENGTH DATA ELEMENTS--GENERAL INFORMATION
fixed length control field 151005s xx 000 0 eng d
020 ## - INTERNATIONAL STANDARD BOOK NUMBER
International Standard Book Number 019825444x :
040 ## - CATALOGING SOURCE
Original cataloging agency KABU
Transcribing agency KABU
100 1# - MAIN ENTRY--PERSONAL NAME
Personal name Atiyah, P.S.
-- 0000186146
245 10 - TITLE STATEMENT
Title Essays on contract /
Statement of responsibility, etc. P.S. Atiyah.
260 ## - PUBLICATION, DISTRIBUTION, ETC. (IMPRINT)
Place of publication, distribution, etc. Oxford :
Name of publisher, distributor, etc. OUP,
Date of publication, distribution, etc. 1986.
300 ## - PHYSICAL DESCRIPTION
Extent vii, 396 p.
650 #0 - SUBJECT ADDED ENTRY--TOPICAL TERM
Topical term or geographic name as entry element Contracts
Geographic subdivision Great Britain.
-- 0000156958
852 1# - LOCATION
-- p8500 KES
908 ## - PUT COMMAND PARAMETER (RLIN)
Put command parameter 151005
950 ## - LOCAL HOLDINGS (RLIN)
-- 1
Holdings
Withdrawn status Lost status Source of classification or shelving scheme Not for loan Home library Current library Date acquired Cost, normal purchase price Total Checkouts Full call number Barcode Date last seen Date last checked out Copy number Price effective from Koha item type
    Library of Congress Classification   Kabarak, Main Campus Kabarak, Main Campus 17/12/2015 8500.00 4 KD1554 .A85 1986 c. 1 020298 30/07/2018 13/07/2018 C.1 17/12/2015 General Collection
Designed with assistance from East African Informatics Ltd